| 000 | 01332nam0a22002771 4500 | ||
|---|---|---|---|
| 001 | rc\4292209 | ||
| 005 | 20250612040933.0 | ||
| 021 |
_aRU _b[58-16563] |
||
| 035 | _a(NLR Aleph) 008496855 | ||
| 090 |
_a8084079 _c8084079 |
||
| 100 | _a20130416d1958 |||y0rusy50 ca | ||
| 101 | 0 | _arus | |
| 102 | _aRU | ||
| 105 | _ay z ||||| | ||
| 200 | 1 | _aЭлектроснабжение животноводческих ферм | |
| 210 |
_aМосква _cИзд-во М-ва сельского хозяйства СССР _d1958 |
||
| 215 |
_a10 с. _d26 |
||
| 225 | 1 | _aВсесоюзная ордена Ленина академия сельскохозяйственных наук им. В.И. Ленина. Материалы к расширенному пленуму отделения механизации и электрификации сельского хозяйства по вопросам электромеханизации животноводства | |
| 300 | _aПеред загл. авт.: И.А. Будзко, акад. | ||
| 606 |
_aЖивотноводческие фермы _xЭлектроснабжение _2psbo |
||
| 700 | 1 |
_aБудзко _bИ.А. _gИгорь Александрович |
|
| 801 | 0 |
_aRU _bNLR _gpsbo |
|
| 801 | 1 |
_aRU _bELAR _2rusmarc |
|
| 852 |
_aNLR _j58-7/610 |
||
| 942 | _cBOOK | ||
| 980 | _aNB | ||